000 00939nam a22001937a 4500
005 20250918154229.0
008 240401b ||||| |||| 00| 0 eng d
082 _aDPer 621.381 In821 September 2022 v. 37 n. 9
100 _aYang, Guanghui.
_eauthor.
_955569
245 _aA simple and efficient strategy for online detection of multiple open-switch fault in multiphase machine drive systems /
_cGuanghui Yang, Jiaqiang Yang, Sheng Li, and Haseeb Hussain.
260 _aNew York ;
_bThe Institute of Electrical and Electronics Engineers, Inc. ,
_cSeptember 2022.
300 _aVolume 37, pages 11058-11070 :
_billustration ;
_c28 cm.
500 _aIEEE Transitions on Power Electronics, v. 37 n. 9, pages 11058-11070, September 2022.
700 _aYang, Guanghui.
_eauthor.
_955569
700 _aYang, Jiaqiang.
_eauthor.
_955570
700 _aLi, Sheng.
_eauthor.
_955571
700 _aHussain, Haseeb.
_eauthor.
_955572
942 _2ddc
_cPER
999 _c19908
_d19908